000 00533cam a22002054a 4500
005 20250605164252.0
008 250528s ||||||||||||||||||||||||d
035 _a21766
020 _a9789609907040
040 _aGR-AtMCL
_bgre
_dGR-AtMCL
_eAACR2
245 1 _aΜΑΘΑΙΝΕΤΕ ΕΥΚΟΛΑ JOOMLA!
250 _a1
260 _bΝτουντούμης,
_c2012
300 _a492
700 1 _aΜαρκατσελας Μ
_97693
700 1 _aΞαρχακος Κ
_95663
942 _cBK
999 _c6825
_d6825